All DC Extended Universe Characters - Statistics

General Stats
  • This quiz has been taken 161 times
  • The average score is 30 of 105
Answer Stats
Actor Number of Films Character % Correct
Ben Affleck (Michael Keaton) 5 Batman
100%
Henry Cavill 4 Superman
98%
Gal Gadot 6 Wonder Woman
98%
Jason Momoa 4 Aquaman
96%
Ezra Miller 4 The Flash
95%
Ray Fisher 3 Cyborg
81%
Jared Leto 2 Joker
80%
Jesse Eisenberg 3 Lex Luthor
80%
Margot Robbie 3 Harley Quinn
79%
Amy Adams 3 Lois Lane
78%
Zachary Levi/Asher Angel 2 Shazam
66%
Djimon Hounsou 1 Wizard
66%
Dwayne Johnson 1 Black Adam
65%
Will Smith 1 Deadshot
64%
Amber Heard 3 Mera
64%
Michael Shannon 2 General Zod
59%
Jeremy Irons 3 Alfred Pennyworth
57%
John Cena 1 Peacemaker
57%
Viola Davis 2 Amanda Waller
53%
Diane Lane 4 Martha Kent
53%
Patrick Wilson 2 Oceanmaster
53%
Yahya Abdul-Mateen II 2 Black Manta
50%
Chris Pine 2 Steve Trevor
50%
David Thewlis 2 Ares
47%
Jai Courtney 2 Captain Boomerang
47%
Kristen Wiig 1 Cheetah
47%
J.K. Simmons 2 Commissioner Gordon
46%
Jurnee Smollett 1 Black Canary
43%
Joe Manganiello 3 Deathstroke
43%
Laurence Fishburne 2 Perry White
43%
Ewan McGregor 1 Black Mask
40%
Ray Porter 1 Darkseid
40%
Ciaran Hinds 2 Steppenwolf
38%
Sasha Calle 1 Supergirl
38%
Aldis Hodge 1 Hawkman
37%
Russell Crowe 1 Jor-El
37%
Joel Kinnaman 2 Rick Flag
37%
Idris Elba 1 Bloodsport
36%
Mary Elizabeth Winstead 1 The Huntress
36%
Harry Lennix 3 General Swanwick
33%
Pedro Pascal 1 Max Lord
33%
David Dastmalchian 1 Polka-Dot Man
33%
Noah Centineo 1 Atom Smasher
32%
Ella Jay Basco 1 Cassandra Cain
32%
Mark Strong 2 Doctor Sivana
31%
Connie Nielsen 4 Hippolyta
29%
Sean Gunn 1 Weasel
29%
Adam Brody, Jack Dylan Grazer 2 Freddy Freeman
28%
Graham McTavish 1 King Atlan
26%
Grace Fulton, Michelle Borth 2 Mary Bromfield
26%
Nicole Kidman 2 Atlanna
25%
Quintessa Swindell 1 Cyclone
25%
Willem Dafoe 3 Vulko
24%
Kevin Conroy 2 Jonathan Kent
21%
Ted Whittal 1 Admiral Olsen
20%
Michael Cassidy 1 Jimmy Olsen
20%
Rosie Perez 1 Renee Montoya
20%
Chris Messina 1 Victor Zsasz
19%
Robin Wright 4 Antiope
15%
Elena Anaya 1 Doctor Maru
15%
Antje Traue 1 Faora-Ul
15%
Kiersey Clemons 2 Iris West
15%
Peter Guinness 1 DeSaad
13%
Billy Crudup 2 Henry Allen
12%
Jovan Armand, D.J. Cotrona 2 Pedro Pena
12%
Joe Morton 3 Silas Stone
12%
Lucy Davis 1 Etta
9%
Ian Chen, Ross Butler 2 Eugene Choi
9%
Dolph Lundgren 1 King Nereus
9%
Temuera Morrison 2 Tom Curry
9%
Faithe Herman, Meagan Good 2 Darla Dudley
8%
Holly Hunter 1 Senator Finch
8%
Jaime FitzSimons 1 Sergeant Ames Bravo 14
7%
Jadin Gould 1 Lana Lang
6%
Danny Huston 1 Ludendorff
6%
Tao Okamoto 1 Mercy Graves
6%
David Harbour 1 Dexter Tolliver
5%
Ewen Bremner 1 Charlie
4%
Callan Mulvey 1 Anatoli Knyazev
3%
Christopher Meloni 1 Colonel Nathan Hardy
3%
Richard Schiff 1 Doctor Emil Hamilton
3%
Randall Park 2 Doctor Stephen Shin
3%
Michael Kelly 1 Steve Lombard
3%
Eugene Brave Rock 1 The Chief
3%
Ike Barinholtz 1 Griggs
2%
Mackenzie Gray 1 Jax-Ur
2%
Joseph Cranford/Jack Foley 1 Pete Ross
2%
Richard Cetrone 1 Tor-An
2%
Scoot McNairy 1 Wallace Keefe
2%
Robin Atkin Downes 1 Angelo
1%
Ali Wong 1 Ellen Yee
1%
Said Taghmaoui 1 Sameer
1%
Oliver Cotton 1 Simon Stagg
1%
Cooper Andrews 2 Victor Vasquez
1%
Lucian Perez 1 Alistair Lord
0%
Samantha Win 1 Car-Vex
0%
Tahmoh Penikitt 1 Jed Eubanks
0%
Rebecca Buller 2 Jenny
0%
Ayelet Zurer 1 Lara Vor-Ann
0%
Julian Richings 1 Lor-Em
0%
Christina Wren 1 Major Carrie Farris
0%
David Lewis 1 Major Laramore
0%
John Glover 1 Mr. Sivana
0%
Marta Milans 2 Rosa Vasquez
0%
Marym Black 1 Ro-Zar
0%
No matching quizzes found
Score Distribution
Percent of People with Each Score
Percentile by Number Answered
Your Score History
You have not taken this quiz